000 00834nam a22002897a 4500
001 BR0704745
003 BR-BrBNA
005 20230928102529.0
007 ta
008 230509b bl.||||| |||| 00| 0 por d
040 _aBR-BrBNA
_bpor
_cBiblioteca Nacional de Agricultura
041 _a(Por)
072 _aL02
_b5212
090 _ 5212 BR0704745
100 1 _aValente, C.S.
110 1 _aAssociação Nordestina de Crédito e Assistência Rural do Ceará, Fortaleza (Brasil)
245 1 _aUso da uréia na alimentação de bovinos
260 3 _aFortaleza, CE (Brasil):
_c1976.
300 _a10 p.
500 _a22 ref.; Documento microfilmado e tratado BR7306196
650 _aBOVINO
650 _aURÉIA
650 _aENGORDA
650 _aNUTRIÇÃO ANIMAL
909 _a202309
_bLucia
_c55
_dLucia Elande
942 _cBK
999 _c71238
_d71238